000 00492nam a2200169Ia 4500
005 20250326143729.0
008 250326s9999 xx 000 0 und d
037 _aTextbook
040 _aFMSL
_beng
_cFMSL
041 _aeng
_2eng
084 _aX:74 P5
_qFMSL
100 _aGunther R Au.
_9748446
245 0 _aPower of impossible thinking
_cGunther R Au.
260 _aUnited Kingdom
_bUnited Kingdom, Wharton School
_c2005
942 _cTB
_hX:74 P5
999 _c1300777
_d1300777